书目信息 |
| 题名: |
月子期母婴保健小百科
|
|
| 作者: | 陈长青 , 周丽娜 主编 ;于鸿 编著 | |
| 分册: | ||
| 出版信息: | 北京 金盾出版社 2014 |
|
| 页数: | 13,262页 | |
| 开本: | 21cm | |
| 丛书名: | ||
| 单 册: | ||
| 中图分类: | R714.61 , R174 | |
| 科图分类: | ||
| 主题词: | 产褥期--妇幼保健--基本知识 , 新生儿--保健--基本知识 , 产褥期 , 妇幼保健 , 新生儿 , 保健 | |
| 电子资源: | ||
| ISBN: | 978-7-5082-8636-5 | |
| 000 | 01106nam0 2200313 450 | |
| 001 | 2356983442 | |
| 005 | 20231217155039.78 | |
| 010 | @a978-7-5082-8636-5@dCNY 22.00 | |
| 100 | @a20140509d2014 em y0chiy0120 ea | |
| 101 | 0 | @achi |
| 102 | @aCN@b110000 | |
| 105 | @aa z 000yy | |
| 200 | 1 | @a月子期母婴保健小百科@Ayue zi qi mu ying bao jian xiao bai ke@b专著@f陈长青,周丽娜主编@g于鸿[等]编著 |
| 210 | @a北京@c金盾出版社@d2014 | |
| 215 | @a13,262页@c图@d21cm | |
| 330 | @a本书分上下篇,上篇介绍了产妇月子期保健知识,包括产后新妈妈的变化、如何科学坐月子及合理补充营养、月子里常见病的防治和产后健身美容;下篇介绍了新生儿护理和喂养知识,包括认识新生儿、精心护理新生儿、科学喂养新生儿、新生儿防病等。 | |
| 606 | 0 | @a产褥期@x妇幼保健@x基本知识 |
| 606 | 0 | @a新生儿@x保健@x基本知识 |
| 606 | 0 | @a产褥期 |
| 606 | 0 | @a妇幼保健 |
| 606 | 0 | @a新生儿 |
| 606 | 0 | @a保健 |
| 690 | @aR714.61@v5 | |
| 690 | @aR174@v5 | |
| 701 | 0 | @a陈长青@Achen chang qing@4主编 |
| 701 | 0 | @a周丽娜@Azhou li na@4主编 |
| 702 | 0 | @a于鸿@Ayu hong@4编著 |
| 801 | 2 | @aCN@b辽宁北配@c20231205 |
| 905 | @aBZT@dR714.61@e13 | |
| 月子期母婴保健小百科/陈长青,周丽娜主编/于鸿[等]编著.-北京:金盾出版社,2014 |
| 13,262页:图;21cm |
| ISBN 978-7-5082-8636-5:CNY 22.00 |
| 本书分上下篇,上篇介绍了产妇月子期保健知识,包括产后新妈妈的变化、如何科学坐月子及合理补充营养、月子里常见病的防治和产后健身美容;下篇介绍了新生儿护理和喂养知识,包括认识新生儿、精心护理新生儿、科学喂养新生儿、新生儿防病等。 |
| ● |
| 相关链接 |
|
|
|
正题名:月子期母婴保健小百科
索取号:R714.61/13
 
预约/预借
| 序号 | 登录号 | 条形码 | 馆藏地/架位号 | 状态 | 备注 |
| 1 | 2001628021 | 2001628021 | 辽三/辽宁北配(第三批)/2699/ [索取号:R714.61/13] | 在馆 | |
| 2 | 2001628022 | 2001628022 | 辽三/辽宁北配(第三批)/2699/ [索取号:R714.61/13] | 在馆 | |
| 3 | 2001628023 | 2001628023 | 辽三/辽宁北配(第三批)/2699/ [索取号:R714.61/13] | 在馆 | |
| 4 | 2001628024 | 2001628024 | 辽三/辽宁北配(第三批)/2699/ [索取号:R714.61/13] | 在馆 | |
| 5 | 2001628025 | 2001628025 | 辽三/辽宁北配(第三批)/2699/ [索取号:R714.61/13] | 在馆 | |
| 6 | 2001628026 | 2001628026 | 辽三/辽宁北配(第三批)/2699/ [索取号:R714.61/13] | 在馆 | |
| 7 | 2001628027 | 2001628027 | 辽三/辽宁北配(第三批)/2699/ [索取号:R714.61/13] | 在馆 | |
| 8 | 2001628028 | 2001628028 | 辽三/辽宁北配(第三批)/2699/ [索取号:R714.61/13] | 在馆 | |
| 9 | 2001628029 | 2001628029 | 辽三/辽宁北配(第三批)/2699/ [索取号:R714.61/13] | 在馆 | |
| 10 | 2001628030 | 2001628030 | 辽三/辽宁北配(第三批)/2699/ [索取号:R714.61/13] | 在馆 | |
| 11 | 2001628031 | 2001628031 | 辽三/辽宁北配(第三批)/2699/ [索取号:R714.61/13] | 在馆 | |
| 12 | 2001628032 | 2001628032 | 辽三/辽宁北配(第三批)/2699/ [索取号:R714.61/13] | 在馆 | |
| 13 | 2001628033 | 2001628033 | 辽三/辽宁北配(第三批)/2699/ [索取号:R714.61/13] | 在馆 | |
| 14 | 2001628034 | 2001628034 | 辽三/辽宁北配(第三批)/2699/ [索取号:R714.61/13] | 在馆 | |
| 15 | 2001628035 | 2001628035 | 辽三/辽宁北配(第三批)/2699/ [索取号:R714.61/13] | 在馆 | |
| 16 | 2001628036 | 2001628036 | 辽三/辽宁北配(第三批)/2699/ [索取号:R714.61/13] | 在馆 | |
| 17 | 2001628037 | 2001628037 | 辽三/辽宁北配(第三批)/2699/ [索取号:R714.61/13] | 在馆 | |
| 18 | 2001628038 | 2001628038 | 辽三/辽宁北配(第三批)/2699/ [索取号:R714.61/13] | 在馆 | |
| 19 | 2001628039 | 2001628039 | 辽三/辽宁北配(第三批)/2699/ [索取号:R714.61/13] | 在馆 | |
| 20 | 2001628040 | 2001628040 | 辽三/辽宁北配(第三批)/2699/ [索取号:R714.61/13] | 在馆 | |
| 21 | 2001628041 | 2001628041 | 辽三/辽宁北配(第三批)/2699/ [索取号:R714.61/13] | 在馆 | |
| 22 | 2001628042 | 2001628042 | 辽三/辽宁北配(第三批)/2699/ [索取号:R714.61/13] | 在馆 | |
| 23 | 2001628043 | 2001628043 | 辽三/辽宁北配(第三批)/2699/ [索取号:R714.61/13] | 在馆 | |
| 24 | 2001628044 | 2001628044 | 辽三/辽宁北配(第三批)/2699/ [索取号:R714.61/13] | 在馆 | |
| 25 | 2001628045 | 2001628045 | 辽三/辽宁北配(第三批)/2699/ [索取号:R714.61/13] | 在馆 | |
| 26 | 2001628046 | 2001628046 | 辽三/辽宁北配(第三批)/2699/ [索取号:R714.61/13] | 在馆 | |
| 27 | 2001628047 | 2001628047 | 辽三/辽宁北配(第三批)/2699/ [索取号:R714.61/13] | 在馆 | |
| 28 | 2001628048 | 2001628048 | 辽三/辽宁北配(第三批)/2699/ [索取号:R714.61/13] | 在馆 | |
| 29 | 2001628049 | 2001628049 | 辽三/辽宁北配(第三批)/2699/ [索取号:R714.61/13] | 在馆 | |
| 30 | 2001628050 | 2001628050 | 辽三/辽宁北配(第三批)/2699/ [索取号:R714.61/13] | 在馆 |